<?xml version="1.0" encoding="UTF-8"?>
<record
    xmlns:xsi="http://www.w3.org/2001/XMLSchema-instance"
    xsi:schemaLocation="http://www.loc.gov/MARC21/slim http://www.loc.gov/standards/marcxml/schema/MARC21slim.xsd"
    xmlns="http://www.loc.gov/MARC21/slim">

  <leader>00799na  a2200277   4500</leader>
  <controlfield tag="001">16453</controlfield>
  <controlfield tag="003">MIRAKIL</controlfield>
  <controlfield tag="005">20181213155228.0</controlfield>
  <controlfield tag="008">161013b        tu            000 0      </controlfield>
  <datafield tag="020" ind1=" " ind2=" ">
    <subfield code="a">9786051254852</subfield>
  </datafield>
  <datafield tag="035" ind1=" " ind2=" ">
    <subfield code="a">16453</subfield>
  </datafield>
  <datafield tag="040" ind1=" " ind2=" ">
    <subfield code="a">Milas</subfield>
    <subfield code="b">tur</subfield>
    <subfield code="c">TR-AnCHP</subfield>
  </datafield>
  <datafield tag="041" ind1=" " ind2=" ">
    <subfield code="a">tur</subfield>
  </datafield>
  <datafield tag="082" ind1=" " ind2=" ">
    <subfield code="a">956.54313</subfield>
    <subfield code="b">&#xD6;92h 2012</subfield>
  </datafield>
  <datafield tag="090" ind1=" " ind2=" ">
    <subfield code="a">956.54313 &#xD6;92h 2012</subfield>
  </datafield>
  <datafield tag="100" ind1=" " ind2=" ">
    <subfield code="a">&#xD6;zdemir, Mustafa</subfield>
  </datafield>
  <datafield tag="245" ind1=" " ind2=" ">
    <subfield code="a">Hac&#x131;lar</subfield>
    <subfield code="b">Kayseri hac&#x131;lar</subfield>
    <subfield code="c">Mustafa &#xD6;zdemir</subfield>
  </datafield>
  <datafield tag="246" ind1=" " ind2=" ">
    <subfield code="a">Kayseri hac&#x131;lar</subfield>
  </datafield>
  <datafield tag="250" ind1=" " ind2=" ">
    <subfield code="a">yeniden d&#xFC;zenlenmi&#x15F; 2. bs.</subfield>
  </datafield>
  <datafield tag="260" ind1=" " ind2=" ">
    <subfield code="a">Kayseri</subfield>
    <subfield code="b">[yayl.y.]</subfield>
    <subfield code="c">2012</subfield>
    <subfield code="f">&#xD6;nder Ofset</subfield>
  </datafield>
  <datafield tag="300" ind1=" " ind2=" ">
    <subfield code="a">430 s.</subfield>
    <subfield code="b">res.</subfield>
    <subfield code="c">21 sm.</subfield>
  </datafield>
  <datafield tag="650" ind1=" " ind2=" ">
    <subfield code="a">Hac&#x131;lar (Kayseri)</subfield>
    <subfield code="x">K&#xFC;lt&#xFC;r ve sanat</subfield>
  </datafield>
  <datafield tag="650" ind1=" " ind2=" ">
    <subfield code="a">Hac&#x131;lar (Kayseri)</subfield>
    <subfield code="x">Ekonomik durum</subfield>
  </datafield>
  <datafield tag="651" ind1=" " ind2=" ">
    <subfield code="a">Kayseri Hac&#x131;lar halk&#x131;</subfield>
    <subfield code="x">Tarih</subfield>
  </datafield>
  <datafield tag="942" ind1=" " ind2=" ">
    <subfield code="2">ddc</subfield>
    <subfield code="c">BKS</subfield>
  </datafield>
  <datafield tag="952" ind1=" " ind2=" ">
    <subfield code="a">0001</subfield>
    <subfield code="b">0001</subfield>
    <subfield code="d">2016-10-06</subfield>
    <subfield code="e">2</subfield>
    <subfield code="l">0</subfield>
    <subfield code="o">956.54313 &#xD6;92h 2012</subfield>
    <subfield code="p">002284</subfield>
    <subfield code="r">2016-10-06 00:00:00</subfield>
    <subfield code="v">0.00</subfield>
    <subfield code="w">2016-10-06</subfield>
    <subfield code="y">BKS</subfield>
  </datafield>
  <datafield tag="999" ind1=" " ind2=" ">
    <subfield code="c">8929</subfield>
    <subfield code="d">8929</subfield>
  </datafield>
</record>
